Hospitalizácie sú na Slovensku národným športom
Kde sú najväčšie problémy slovenských nemocníc. Na rozsiahlom hodnotení slovenských nemocníc pracuje kostarická firma Sanigest Internacional. Informácií o slovenských nemocniciach sme mali dosť z vlastných štatistík, nehľadali sa však odpovede a riešenia. Oblasti, ktorých sa hodnotenie týka. Zlé vyu...
Gespeichert in:
| 1. Verfasser: | |
|---|---|
| Format: | Buchkapitel |
| Sprache: | Slowakisch |
| Schlagworte: | |
| Tags: |
Keine Tags, Fügen Sie das erste Tag hinzu!
|
MARC
| LEADER | 00000naa$a2200000$$$4500 | ||
|---|---|---|---|
| 001 | 0023849 | ||
| 005 | 20231009075548.4 | ||
| 041 | 0 | |a slo | |
| 044 | |a SK | ||
| 245 | 1 | 0 | |a Hospitalizácie sú na Slovensku národným športom |c Zuzana Horníková |
| 520 | |a Kde sú najväčšie problémy slovenských nemocníc. Na rozsiahlom hodnotení slovenských nemocníc pracuje kostarická firma Sanigest Internacional. Informácií o slovenských nemocniciach sme mali dosť z vlastných štatistík, nehľadali sa však odpovede a riešenia. Oblasti, ktorých sa hodnotenie týka. Zlé využívanie ľudského kapitálu. Prvé výsledky hodnotení. | ||
| 610 | 2 | 0 | |a nemocnice |
| 610 | 2 | 0 | |a hodnotenie práce |
| 610 | 2 | 0 | |a hodnotenie pracoviska |
| 610 | 2 | 0 | |a starostlivosť zdravotná |
| 610 | 2 | 0 | |a manažment |
| 610 | 2 | 0 | |a infraštruktúra |
| 610 | 2 | 0 | |a vybavenosť technická |
| 610 | 2 | 0 | |a kapitál ľudský |
| 610 | 2 | 0 | |a Slovensko |
| 100 | 1 | |a Horníková, Zuzana | |